Η άλλη ανάπτυξη : σημειώσεις και απλές ασκήσεις

Αποθηκεύτηκε σε:
Λεπτομέρειες βιβλιογραφικής εγγραφής
Κύριος συγγραφέας: Καφαντάρης, Στέλιος Π., 1945-
Μορφή: Βιβλίο
Γλώσσα:Greek
Δημοσίευση: Αθήνα : Παπαζήσης, 1994
Θέματα:
Ετικέτες: Προσθήκη ετικέτας
Δεν υπάρχουν, Καταχωρήστε ετικέτα πρώτοι!

MARC

LEADER 00000nam a2200000 i 4500
001 1/15103
008 980522s1994 gre d
020 |a 960-02-1061-6 
035 |l 10019684 
040 |a GR-MY-UA  |b gre  |e aacr 
041 0 |a gre 
082 0 |a 307.121609495 
100 1 |a Καφαντάρης, Στέλιος Π.,   |d 1945- 
245 1 2 |a Η άλλη ανάπτυξη :  |b σημειώσεις και απλές ασκήσεις /  |c Στέλιος Π. Καφαντάρης 
260 |a Αθήνα :   |b Παπαζήσης,   |c 1994 
300 |a 437 σ.  |b πιν., σχ. 
504 |a Περιέχει βιβλιογραφία και ευρετήριο 
650 0 0 |a Regional planning  |z Greece. 
650 0 0 |a City planning  |z Greece. 
852 |a INST  |b LESVOS  |e 19980522  |h 307.121609495 ΚΑΦ  |p 005100014036  |q 005100014036  |t BK  |y 0 
901 |a BIBL1-1998-2 
909 |a Λ  |b 056504 
922 |a 1ΕΛΗ  |b 199805  |c ΚΠΣ/ΤΓ  |d EMVASIS 
950 |a 118-1998-03-23 
970 |z 2000/06/ΟΙΚΟΝΟΜΟΠΟΥΛΟΥ ΧΡΙΣΤΙΝΑ